[Event "4MCR_4D_1L_1S"]
[Site "CR"]
[Date "2000.??.??"]
[Round "?"]
[White "Rybak, Milan"]
[Black "Hrdy, Roman"]
[Result "1/2-1/2"]
[WhiteElo "2445"]
[BlackElo "2230"]
[PlyCount "31"]
[EventDate "2000.??.??"]
[EventType "tourn (corr)"]

1. e4 e5 2. Nf3 Nc6 3. Bc4 Nf6 4. d4 exd4 5. e5 Ne4 6. Qe2 Nc5 7. O-O Ne6 8.
Bxe6 fxe6 9. Rd1 Be7 10. Nxd4 Nxd4 11. Rxd4 O-O 12. Nc3 d5 13. exd6 cxd6 14.
Be3 Bf6 15. Rd2 Bxc3 16. bxc3 1/2-1/2

[Event "4MCR_4D_1L_1S"]
[Site "CR"]
[Date "2000.??.??"]
[Round "?"]
[White "Rybak, Milan"]
[Black "Merlicek, Jiri"]
[Result "1/2-1/2"]
[WhiteElo "2445"]
[BlackElo "2380"]
[PlyCount "52"]
[EventDate "2000.??.??"]
[EventType "tourn (corr)"]

1. e4 c5 2. c3 Nf6 3. e5 Nd5 4. d4 cxd4 5. Nf3 e6 6. cxd4 b6 7. Nc3 Nxc3 8.
bxc3 Qc7 9. Bd2 Be7 10. Rc1 Bb7 11. Bd3 d6 12. O-O Nd7 13. Ng5 h6 14. Qh5 Bxg5
15. Bxg5 dxe5 16. Rfe1 Qd6 17. Be3 e4 18. Bc2 Nf6 19. Qh4 Rc8 20. Bg5 Nd7 21.
Bf4 Qe7 22. Qg3 f5 23. f3 Nf6 24. Bd6 Qd7 25. Ba4 Bc6 26. Bb3 Rd8 1/2-1/2

[Event "4MCR_4D_1L_1S"]
[Site "CR"]
[Date "2000.??.??"]
[Round "?"]
[White "Rybak, Milan"]
[Black "Necesany, Zdenek"]
[Result "1-0"]
[WhiteElo "2445"]
[BlackElo "2365"]
[PlyCount "49"]
[EventDate "2000.??.??"]
[EventType "tourn (corr)"]

1. e4 e5 2. Nf3 Nc6 3. Bc4 Bc5 4. b4 Bxb4 5. c3 Be7 6. d4 Na5 7. Nxe5 Nxc4 8.
Nxc4 d5 9. exd5 Qxd5 10. Ne3 Qa5 11. O-O Nf6 12. c4 c6 13. d5 cxd5 14. cxd5 O-O
15. d6 Bd8 16. Bb2 Re8 17. Nd2 Bd7 18. Ndc4 Qa6 19. Ne5 Be6 20. a4 Bb6 21. N3g4
Nd5 22. Ra3 Nf4 23. Rg3 Ng6 24. d7 Red8 25. Nh6+ 1-0

[Event "4MCR_4D_1L_1S"]
[Site "CR"]
[Date "2000.??.??"]
[Round "?"]
[White "Rybak, Milan"]
[Black "Nemec, Jaroslav"]
[Result "1/2-1/2"]
[WhiteElo "2445"]
[BlackElo "2320"]
[PlyCount "55"]
[EventDate "2000.??.??"]
[EventType "tourn (corr)"]

1. e4 c5 2. c3 Nf6 3. e5 Nd5 4. d4 cxd4 5. Nf3 e6 6. cxd4 d6 7. Bc4 Nc6 8. O-O
Be7 9. Qe2 a6 10. Nc3 Nxc3 11. bxc3 d5 12. Bd3 Na5 13. a4 Bd7 14. Ba3 Bxa3 15.
Rxa3 Rc8 16. Qc2 h6 17. Rb1 O-O 18. Nd2 Qe7 19. Raa1 Rc7 20. Nb3 Nxb3 21. Rxb3
Rfc8 22. f4 Qe8 23. Qb2 Bxa4 24. Rxb7 Bb5 25. Rxc7 Rxc7 26. Bxb5 Qxb5 27. Qxb5
axb5 28. Ra3 1/2-1/2

[Event "4MCR_4D_1L_1S"]
[Site "CR"]
[Date "2000.??.??"]
[Round "?"]
[White "Rybak, Milan"]
[Black "Omelka, Roman"]
[Result "1/2-1/2"]
[WhiteElo "2445"]
[BlackElo "2260"]
[PlyCount "54"]
[EventDate "2000.??.??"]
[EventType "tourn (corr)"]

1. e4 d6 2. d4 Nf6 3. Nc3 g6 4. f4 Bg7 5. Nf3 c5 6. e5 Nfd7 7. Be3 O-O 8. exd6
exd6 9. Be2 Re8 10. Bf2 Nc6 11. O-O Nb6 12. Re1 Bg4 13. dxc5 dxc5 14. h3 Bxf3
15. Bxf3 Qc7 16. Bxc5 Qxf4 17. Rxe8+ Rxe8 18. Bf2 Be5 19. g3 Qf6 20. Ne4 Qe6
21. Qf1 Bxb2 22. Re1 Rc8 23. c3 Qe5 24. Qd3 Ba3 25. Bd1 Be7 26. Bb3 Qa5 27. Qf3
Rf8 1/2-1/2

[Event "4MCR_4D_1L_1S"]
[Site "CR"]
[Date "2000.??.??"]
[Round "?"]
[White "Spal, Milan"]
[Black "Hostinsky, Jiri"]
[Result "1/2-1/2"]
[WhiteElo "2440"]
[BlackElo "2420"]
[PlyCount "51"]
[EventDate "2000.??.??"]
[EventType "tourn (corr)"]

1. e4 c5 2. Nc3 Nc6 3. Bb5 Nd4 4. Bc4 e6 5. Nf3 Nf6 6. O-O a6 7. d3 b5 8. Bb3
Nxb3 9. axb3 Bb7 10. e5 Nd5 11. Nxd5 Bxd5 12. c4 Bb7 13. d4 Be7 14. Qd3 cxd4
15. Rd1 f6 16. exf6 Bxf6 17. Nxd4 O-O 18. Be3 bxc4 19. bxc4 Be5 20. h3 Qc7 21.
Nb3 Qc6 22. Qf1 Bxb2 23. Rab1 Bc3 24. Rdc1 Bb4 25. Nd4 Qd6 26. Nc2 1/2-1/2

[Event "4MCR_4D_1L_1S"]
[Site "CR"]
[Date "2000.??.??"]
[Round "?"]
[White "Spal, Milan"]
[Black "Hrdy, Roman"]
[Result "1-0"]
[WhiteElo "2440"]
[BlackElo "2230"]
[PlyCount "82"]
[EventDate "2000.??.??"]
[EventType "tourn (corr)"]

1. e4 d6 2. d4 Nf6 3. Nc3 g6 4. f4 Bg7 5. Nf3 c5 6. Bb5+ Bd7 7. e5 Ng4 8. Bxd7+
Qxd7 9. d5 dxe5 10. h3 e4 11. Nxe4 Nf6 12. Nxf6+ Bxf6 13. O-O Qd6 14. Be3 Nd7
15. c4 O-O 16. Ng5 Qa6 17. Qb3 Rfb8 18. Ne4 b5 19. Nxf6+ Nxf6 20. Bxc5 bxc4 21.
Qf3 Qa5 22. Bxe7 Nxd5 23. Bh4 Rxb2 24. Rad1 Nc7 25. f5 Qb6+ 26. Kh1 Re8 27. Bg3
Re3 28. Qf4 Qc6 29. Rg1 Ree2 30. Qxc7 Qxc7 31. Bxc7 Rxa2 32. f6 h5 33. Rd8+ Kh7
34. Rf8 g5 35. Rxf7+ Kg6 36. Rf8 c3 37. Bd8 Rf2 38. Rg8+ Kh6 39. Be7 Rae2 40.
Bf8+ Kh7 41. Rxg5 Rxf6 1-0

[Event "4MCR_4D_1L_1S"]
[Site "CR"]
[Date "2000.??.??"]
[Round "?"]
[White "Spal, Milan"]
[Black "Merlicek, Jiri"]
[Result "1/2-1/2"]
[WhiteElo "2440"]
[BlackElo "2380"]
[PlyCount "99"]
[EventDate "2000.??.??"]
[EventType "tourn (corr)"]

1. e4 c5 2. Nc3 Nc6 3. Bb5 Nd4 4. Bc4 e6 5. Nf3 Ne7 6. Nxd4 cxd4 7. Ne2 Nc6 8.
O-O g6 9. d3 Bg7 10. a4 O-O 11. Bd2 b6 12. Ng3 d5 13. exd5 exd5 14. Bb3 Re8 15.
Re1 Be6 16. Ne2 Rc8 17. Nf4 Qd6 18. Nxe6 fxe6 19. Qg4 Na5 20. Bxa5 bxa5 21. Re2
Kh8 22. f4 Rc7 23. Rae1 e5 24. fxe5 Rxe5 25. Rxe5 Bxe5 26. g3 Kg7 27. Qf3 Bf6
28. Re2 Rd7 29. Re8 Qc6 30. Kg2 Rd6 31. Rb8 a6 32. Qg4 h5 33. Qc8 Qxc8 34. Rxc8
Bg5 35. Rc5 Bc1 36. Bxd5 Bxb2 37. Kf3 Rf6+ 38. Ke4 Rf1 39. Rc7+ Kh6 40. Ke5
Rf5+ 41. Ke6 Kg5 42. Be4 Rf6+ 43. Ke5 Rb6 44. h3 Kh6 45. c4 dxc3 46. d4 Kg5 47.
Bc2 Ba3 48. Rxc3 Bd6+ 49. Kd5 Bb8 50. Re3 1/2-1/2

[Event "4MCR_4D_1L_1S"]
[Site "CR"]
[Date "2000.??.??"]
[Round "?"]
[White "Spal, Milan"]
[Black "Necesany, Zdenek"]
[Result "1-0"]
[WhiteElo "2440"]
[BlackElo "2195"]
[PlyCount "51"]
[EventDate "2000.??.??"]
[EventType "tourn (corr)"]

1. e4 e5 2. Nf3 Nc6 3. d4 exd4 4. Nxd4 Nf6 5. Nxc6 bxc6 6. e5 Qe7 7. Qe2 Nd5 8.
c4 Nb6 9. Nc3 Qe6 10. Qe4 g6 11. Bf4 Bg7 12. O-O-O Bb7 13. c5 Nd5 14. Bc4 Nxc3
15. bxc3 Qe7 16. Qe3 h6 17. Rd2 Bc8 18. Rhd1 Rb8 19. e6 fxe6 20. Bxc7 Ra8 21.
Bd6 Qf6 22. Rd3 Rg8 23. f4 Bf8 24. Be5 Qe7 25. Rd6 Qh7 26. Bxe6 1-0

[Event "4MCR_4D_1L_1S"]
[Site "CR"]
[Date "2000.??.??"]
[Round "?"]
[White "Spal, Milan"]
[Black "Nemec, Jaroslav"]
[Result "1/2-1/2"]
[WhiteElo "2440"]
[BlackElo "2320"]
[PlyCount "42"]
[EventDate "2000.??.??"]
[EventType "tourn (corr)"]

1. e4 c5 2. Nc3 Nc6 3. Bb5 Nd4 4. Bc4 e6 5. Nf3 Nf6 6. O-O a6 7. d3 d5 8. exd5
b5 9. Bb3 Nxb3 10. axb3 b4 11. Na4 Nxd5 12. c4 bxc3 13. bxc3 Bb7 14. Ng5 Nf6
15. Qe2 Qc7 16. Ne4 Nxe4 17. dxe4 Bd6 18. h3 O-O 19. Ba3 Rfd8 20. Rfd1 Rac8 21.
f3 Be7 1/2-1/2

[Event "4MCR_4D_1L_1S"]
[Site "CR"]
[Date "2000.??.??"]
[Round "?"]
[White "Spal, Milan"]
[Black "Pospisil, Ludvik"]
[Result "1-0"]
[WhiteElo "2440"]
[BlackElo "2330"]
[PlyCount "79"]
[EventDate "2000.??.??"]
[EventType "tourn (corr)"]

1. e4 e5 2. Nf3 Nc6 3. d4 exd4 4. Nxd4 Qh4 5. Nc3 Bb4 6. Be2 Qxe4 7. Ndb5 Bxc3+
8. bxc3 Kd8 9. O-O a6 10. Nd4 Nxd4 11. cxd4 d6 12. Rb1 Ra7 13. Rb3 Bf5 14. Bd3
Qg4 15. Bxf5 Qxf5 16. Rg3 h6 17. d5 Ne7 18. c4 Rg8 19. Rf3 Qg6 20. Re1 f6 21.
c5 Nc8 22. cxd6 cxd6 23. Rb3 b5 24. Be3 Rc7 25. Qd2 Qe4 26. Qa5 Qa4 27. Bb6
Nxb6 28. Qxb6 Kc8 29. h3 Qxa2 30. Rbe3 Qxd5 31. Re7 Qc6 32. Rxc7+ Qxc7 33.
Qxa6+ Kd7 34. Qxb5+ Kd8 35. Re4 Rf8 36. Rc4 Qd7 37. Qa5+ Ke7 38. Rc7 Rd8 39.
Rxd7+ Rxd7 40. Qd5 1-0

[Event "4MCR_4D_1L_1S"]
[Site "CR"]
[Date "2000.??.??"]
[Round "?"]
[White "Spal, Milan"]
[Black "Rybak, Milan"]
[Result "1-0"]
[WhiteElo "2440"]
[BlackElo "2445"]
[PlyCount "75"]
[EventDate "2000.??.??"]
[EventType "tourn (corr)"]

1. e4 e5 2. Nf3 Nc6 3. d4 exd4 4. Nxd4 Qf6 5. Nxc6 Bc5 6. Qd2 dxc6 7. Nc3 Qe7
8. Qg5 Nf6 9. Be3 Bd6 10. Bd4 Rg8 11. e5 Nd5 12. Qg3 Bf5 13. O-O-O Bc5 14. Bd3
Nxc3 15. Bxc3 Qe6 16. Bxf5 Qxf5 17. Bd4 Be7 18. Be3 Rd8 19. h4 Qe6 20. Kb1 a6
21. f4 h5 22. Bc1 Rd5 23. Rxd5 cxd5 24. f5 Qxf5 25. Qb3 Qxe5 26. Qxb7 Kd7 27.
Rd1 d4 28. Qxa6 Rd8 29. Qa4+ Kc8 30. Qa8+ Kd7 31. Qf3 Bf6 32. Bg5 Ke7 33. Qxh5
Bxg5 34. hxg5 Rd5 35. Rf1 Qe6 36. Qh4 Qg6 37. Qf4 Kd8 38. a3 1-0

[Event "4MCR_4D_1L_1S"]
[Site "CR"]
[Date "2000.??.??"]
[Round "?"]
[White "Straka, Zdenek"]
[Black "Hrdy, Roman"]
[Result "1/2-1/2"]
[WhiteElo "2305"]
[BlackElo "2230"]
[PlyCount "74"]
[EventDate "2000.??.??"]
[EventType "tourn (corr)"]

1. e4 d6 2. d4 Nf6 3. Nc3 g6 4. Be3 c6 5. Qd2 Qa5 6. Nf3 b5 7. Bd3 Bg4 8. a4
Bxf3 9. gxf3 bxa4 10. Rxa4 Qc7 11. O-O Bg7 12. d5 O-O 13. Rfa1 a5 14. Bd4 e6
15. dxe6 fxe6 16. Bc4 d5 17. Bxf6 dxc4 18. Bxg7 Kxg7 19. Rxc4 Rxf3 20. Nb5 Qe7
21. Nd4 Rf8 22. e5 Rd8 23. Rxa5 Rxa5 24. Qxa5 Rd5 25. Qc3 Nd7 26. Nf3 c5 27. b4
cxb4 28. Rxb4 h6 29. Rb7 Qf7 30. Kg2 g5 31. h3 Qe8 32. Qc6 Qf7 33. c4 Rd3 34.
c5 Kg6 35. Rc7 Rd5 36. Qxd5 exd5 37. c6 g4 1/2-1/2

[Event "4MCR_4D_1L_1S"]
[Site "CR"]
[Date "2000.??.??"]
[Round "?"]
[White "Straka, Zdenek"]
[Black "Krouzel, Jaroslav"]
[Result "1-0"]
[WhiteElo "2305"]
[BlackElo "2405"]
[PlyCount "75"]
[EventDate "2000.??.??"]
[EventType "tourn (corr)"]

1. d4 f5 2. c4 Nf6 3. g3 g6 4. Bg2 Bg7 5. Nf3 O-O 6. O-O d6 7. Nc3 c6 8. Qb3
Kh8 9. Rd1 Na6 10. Qa3 Qb6 11. b3 Bd7 12. Rb1 Rad8 13. b4 Nc7 14. Qb3 Ne4 15.
Nxe4 fxe4 16. Ng5 d5 17. Bf4 Ne6 18. Nxe6 Bxe6 19. c5 Qa6 20. Bxe4 Qxe2 21. Bf3
Qa6 22. Rb2 Bf5 23. a4 b6 24. b5 Qb7 25. Re2 bxc5 26. dxc5 Bh3 27. Rde1 Rf7 28.
Re3 e6 29. Bd6 h5 30. Qd1 Bf5 31. h3 cxb5 32. g4 hxg4 33. hxg4 Be4 34. Bxe4
dxe4 35. axb5 Qxb5 36. Rxe4 Re8 37. Rxe6 Rxe6 38. Rxe6 1-0

[Event "4MCR_4D_1L_1S"]
[Site "CR"]
[Date "2000.??.??"]
[Round "?"]
[White "Straka, Zdenek"]
[Black "Merlicek, Jiri"]
[Result "1/2-1/2"]
[WhiteElo "2305"]
[BlackElo "2380"]
[PlyCount "91"]
[EventDate "2000.??.??"]
[EventType "tourn (corr)"]

1. d4 Nf6 2. c4 e6 3. Nf3 b6 4. g3 Ba6 5. b3 Bb4+ 6. Bd2 Be7 7. Nc3 O-O 8. Qc2
d5 9. cxd5 exd5 10. Bg2 Re8 11. O-O Nbd7 12. Ne5 Bb7 13. Rad1 Nf8 14. Bg5 Ne6
15. f4 c6 16. Bxf6 Bxf6 17. e4 Rc8 18. Nxf7 Kxf7 19. e5 Ba6 20. Rf2 Nf8 21.
exf6 Qxf6 22. b4 Bc4 23. Ne4 Qd8 24. Nd2 b5 25. Nf3 Kg8 26. Ne5 Rc7 27. Rf3 Qd6
28. Re3 Rce7 29. a3 Ng6 30. Qc3 Nxe5 31. dxe5 Qe6 32. Ree1 a5 33. Qd4 Qd7 34.
Kh1 axb4 35. axb4 Ra8 36. Qc5 Ree8 37. Ra1 Ra4 38. Red1 Bb3 39. Re1 Bc4 40. h4
Rea8 41. e6 Qe8 42. Rac1 Ra3 43. e7 Rxg3 44. Ra1 Rxa1 45. Rxa1 Rxg2 46. Kxg2
1/2-1/2

[Event "4MCR_4D_1L_1S"]
[Site "CR"]
[Date "2000.??.??"]
[Round "?"]
[White "Straka, Zdenek"]
[Black "Nemec, Jaroslav"]
[Result "1/2-1/2"]
[WhiteElo "2305"]
[BlackElo "2320"]
[PlyCount "52"]
[EventDate "2000.??.??"]
[EventType "tourn (corr)"]

1. d4 d5 2. c4 c6 3. Nf3 Nf6 4. e3 Bf5 5. cxd5 cxd5 6. Qb3 Qc7 7. Nc3 e6 8. Bd2
Nc6 9. Nh4 Bg4 10. Bd3 Rc8 11. Rc1 Be7 12. h3 Bh5 13. Nf3 O-O 14. O-O Bxf3 15.
gxf3 Qd7 16. Ne2 Rc7 17. Ng3 Rfc8 18. Rc2 Ne8 19. Rfc1 Nd6 20. Kg2 Bd8 21. Ne2
Ne7 22. Rxc7 Bxc7 23. f4 a5 24. Ng1 b5 25. Qd1 Nef5 26. Nf3 f6 1/2-1/2

[Event "4MCR_4D_1L_1S"]
[Site "CR"]
[Date "2000.??.??"]
[Round "?"]
[White "Straka, Zdenek"]
[Black "Pospisil, Ludvik"]
[Result "0-1"]
[WhiteElo "2305"]
[BlackElo "2330"]
[PlyCount "130"]
[EventDate "2000.??.??"]
[EventType "tourn (corr)"]

1. d4 d5 2. c4 e6 3. Nc3 c6 4. e3 Nf6 5. Nf3 Nbd7 6. Bd3 dxc4 7. Bxc4 b5 8. Bd3
Bb7 9. e4 b4 10. Na4 c5 11. e5 Nd5 12. Nxc5 Nxc5 13. dxc5 Bxc5 14. O-O h6 15.
Qe2 Qb6 16. Bd2 Ke7 17. Rac1 Rhd8 18. Bc4 Kf8 19. Rfd1 Ne7 20. Ne1 a5 21. Nd3
Bd4 22. Kh1 Nf5 23. Re1 Rac8 24. b3 Rc7 25. Red1 Rcd7 26. Be1 Nh4 27. f3 Nf5
28. Bd2 Ne3 29. Bxe3 Bxe3 30. Rc2 Bc6 31. h3 Bf4 32. Re1 Bg3 33. Rf1 Rd4 34.
Qe3 Bb5 35. Nb2 Bf4 36. Qe1 Bc6 37. Re2 Rd2 38. Qb1 Qc7 39. Rxd2 Rxd2 40. Nd3
Bxe5 41. Rd1 Rxd1+ 42. Qxd1 Qd6 43. Kg1 Qd4+ 44. Nf2 Qxd1+ 45. Nxd1 Bd4+ 46.
Kf1 h5 47. Nf2 Ke7 48. Ne4 h4 49. Ba6 f5 50. Nd2 Kf6 51. Nc4 a4 52. bxa4 Bxa4
53. Ke2 e5 54. Kd3 Bd7 55. Na5 Bb6 56. Nc4 Bc5 57. Na5 Be7 58. Nb3 Kg5 59. Ke3
Be6 60. Bd3 Bd8 61. Nc1 Bb6+ 62. Kd2 Bd5 63. Bc2 e4 64. Bd1 Bc6 65. fxe4 Bxe4
0-1

[Event "4MCR_4D_1L_1S"]
[Site "CR"]
[Date "2000.??.??"]
[Round "?"]
[White "Straka, Zdenek"]
[Black "Rybak, Milan"]
[Result "1/2-1/2"]
[WhiteElo "2305"]
[BlackElo "2445"]
[PlyCount "75"]
[EventDate "2000.??.??"]
[EventType "tourn (corr)"]

1. e4 e5 2. Nf3 Nc6 3. Bb5 f5 4. Nc3 fxe4 5. Nxe4 Nf6 6. Nxf6+ Qxf6 7. Qe2 Be7
8. Bxc6 dxc6 9. Nxe5 O-O 10. O-O Bd6 11. d4 c5 12. Be3 Be6 13. f4 Qf5 14. c4 c6
15. b3 Bxe5 16. dxe5 b6 17. Qf3 Rad8 18. Qxc6 Rd3 19. Rae1 h5 20. Qf3 Qg6 21.
Rf2 Bf5 22. Rd2 Rfd8 23. Qf2 Rxd2 24. Bxd2 h4 25. h3 Bxh3 26. Be3 Rd3 27. Kh2
Bf5 28. Qxh4 Kf7 29. Kg1 Rc3 30. Bf2 Rc2 31. a4 Rc3 32. Qd8 Rxb3 33. Qa8 a5 34.
Qb7+ Kg8 35. Bxc5 Kh7 36. Bf2 Rb4 37. g3 Rxc4 38. Qh1+ 1/2-1/2

[Event "4MCR_4D_1L_1S"]
[Site "CR"]
[Date "2000.??.??"]
[Round "?"]
[White "Straka, Zdenek"]
[Black "Spal, Milan"]
[Result "1/2-1/2"]
[WhiteElo "2305"]
[BlackElo "2440"]
[PlyCount "53"]
[EventDate "2000.??.??"]
[EventType "tourn (corr)"]

1. e4 Nf6 2. e5 Nd5 3. d4 d6 4. Nf3 Nc6 5. Bb5 a6 6. Bxc6+ bxc6 7. c4 Nb6 8. b3
Bf5 9. O-O e6 10. Qe2 Be7 11. Nc3 O-O 12. Bf4 a5 13. h3 a4 14. Rfe1 Qd7 15. Bg3
Ra7 16. Nh4 Bg6 17. Nxg6 hxg6 18. Qe3 Rb7 19. Bf4 Ra8 20. Ne2 Qd8 21. Qc3 Nd7
22. Red1 d5 23. c5 Qb8 24. Nc1 axb3 25. axb3 Rxa1 26. Qxa1 Ra7 27. Qb2 1/2-1/2

[Event "4MCR_4D_1L_2S"]
[Site "CR"]
[Date "2000.??.??"]
[Round "?"]
[White "Bazant, Petr"]
[Black "Galuska, Josef"]
[Result "1-0"]
[WhiteElo "2385"]
[BlackElo "2335"]
[PlyCount "93"]
[EventDate "2000.??.??"]
[EventType "tourn (corr)"]

1. d4 d5 2. c4 c6 3. Nc3 Nf6 4. Nf3 e6 5. e3 Nbd7 6. Qc2 Bd6 7. b3 O-O 8. Be2
a6 9. O-O e5 10. cxd5 cxd5 11. dxe5 Nxe5 12. Bb2 Be6 13. Rac1 Rc8 14. Qb1 Bb8
15. Nxe5 Bxe5 16. Rfd1 Bg4 17. Bxg4 Nxg4 18. Qf5 Bxh2+ 19. Kf1 Qh4 20. Nxd5
Rxc1 21. Rxc1 Bd6 22. Rc4 h5 23. Ke2 Ra8 24. a4 b5 25. Rc6 Rd8 26. Rxa6 Bf8 27.
e4 Re8 28. Bd4 Qh1 29. Ra7 Nh6 30. Qf3 Qb1 31. Qd3 Qg1 32. Nc7 Rd8 33. axb5
Qxg2 34. Ra4 Ng4 35. Qf3 Qg1 36. Ra1 Nh2 37. Qf5 Qg2 38. Nd5 Re8 39. b6 Ng4 40.
b7 Rxe4+ 41. Kd3 Re8 42. Kc4 Rd8 43. Ra8 Qf1+ 44. Qd3 Qc1+ 45. Bc3 Ne5+ 46. Kb5
Nxd3 47. Rxd8 1-0

[Event "4MCR_4D_1L_2S"]
[Site "CR"]
[Date "2000.??.??"]
[Round "?"]
[White "Bazant, Petr"]
[Black "Jirku, Jaroslav"]
[Result "1-0"]
[WhiteElo "2385"]
[BlackElo "2225"]
[PlyCount "103"]
[EventDate "2000.??.??"]
[EventType "tourn (corr)"]

1. d4 d5 2. c4 e6 3. Nc3 Nf6 4. Bg5 Be7 5. e3 O-O 6. Rc1 h6 7. Bh4 Ne4 8. Bxe7
Qxe7 9. Nf3 c6 10. Bd3 Nxc3 11. Rxc3 dxc4 12. Bxc4 Nd7 13. O-O e5 14. Bb3 exd4
15. exd4 Nf6 16. Re1 Qd6 17. Ne5 Nd5 18. Rg3 Be6 19. Qc1 Kh8 20. Re4 Bf5 21.
Rh4 Qf6 22. Rh5 Be4 23. Bxd5 cxd5 24. Rc3 Qb6 25. Rc5 Rad8 26. Rh3 f6 27. Ng4
Rf7 28. Rhc3 Bg6 29. Ne3 Rfd7 30. a3 Qe6 31. Rc8 b6 32. Rxd8+ Rxd8 33. Rc7 Rd7
34. Qc6 Qxc6 35. Rxc6 Kg8 36. f3 Kf7 37. Kf2 Bd3 38. h4 h5 39. g4 hxg4 40. fxg4
Be4 41. Kg3 Bh1 42. Kf4 Be4 43. g5 Bd3 44. Nf5 Kg6 45. gxf6 gxf6 46. h5+ Kxh5
47. Rxf6 Rh7 48. Re6 Bxf5 49. Kxf5 Rf7+ 50. Ke5 Rf2 51. Kxd5 Rxb2 52. Kc6 1-0

[Event "4MCR_4D_1L_2S"]
[Site "CR"]
[Date "2000.??.??"]
[Round "?"]
[White "Bazant, Petr"]
[Black "Pletanek, Jan"]
[Result "1/2-1/2"]
[WhiteElo "2385"]
[BlackElo "2440"]
[PlyCount "69"]
[EventDate "2000.??.??"]
[EventType "tourn (corr)"]

1. d4 Nf6 2. c4 g6 3. Nc3 Bg7 4. e4 d6 5. f3 O-O 6. Be3 a6 7. Bd3 Nfd7 8. Nge2
c5 9. Rc1 Nc6 10. Bb1 b5 11. dxc5 Nxc5 12. cxb5 axb5 13. Qd2 b4 14. Nd5 b3 15.
a3 e6 16. Bg5 Qa5 17. Nf6+ Kh8 18. Rc3 Ba6 19. h4 h5 20. g4 Ne5 21. gxh5 gxh5
22. f4 Nc4 23. Rxc4 Qxd2+ 24. Kxd2 Bxc4 25. Ng3 Rfc8 26. Ngxh5 Bf8 27. Rg1 Bb5
28. f5 Bg7 29. Be3 Bxf6 30. Nxf6 Nd7 31. Nxd7 Bxd7 32. fxe6 fxe6 33. Bg5 Rf8
34. Be7 Rf7 35. Bxd6 1/2-1/2

[Event "4MCR_4D_1L_2S"]
[Site "CR"]
[Date "2000.??.??"]
[Round "?"]
[White "Bazant, Petr"]
[Black "Riha, Jan"]
[Result "1/2-1/2"]
[WhiteElo "2385"]
[BlackElo "2305"]
[PlyCount "93"]
[EventDate "2000.??.??"]
[EventType "tourn (corr)"]

1. d4 Nf6 2. c4 e6 3. Nc3 Bb4 4. Qc2 O-O 5. a3 Bxc3+ 6. Qxc3 b6 7. Bg5 Bb7 8.
Nf3 d6 9. Nd2 Nbd7 10. f3 h6 11. Bh4 c5 12. e4 Rc8 13. Bd3 d5 14. exd5 exd5 15.
O-O cxd4 16. Qxd4 Nc5 17. Bxf6 Qxf6 18. Qxf6 gxf6 19. Bf5 Rcd8 20. Rfe1 Ba6 21.
Rac1 dxc4 22. Nxc4 Nb3 23. Rc3 Nd4 24. Bb1 Rfe8 25. Kf2 Rxe1 26. Kxe1 Re8+ 27.
Kd1 Bb5 28. Ba2 Re2 29. Rd3 Ba4+ 30. b3 Rxa2 31. bxa4 Ne6 32. Rd2 Ra1+ 33. Kc2
Nc5 34. a5 b5 35. Kb2 Re1 36. Nd6 a6 37. Rc2 Na4+ 38. Ka2 Rd1 39. Nf5 Kh7 40.
g4 Rd3 41. Rc6 Rxf3 42. Rxf6 Rf2+ 43. Kb1 Rb2+ 44. Kc1 Rxh2 45. Rxa6 Nc5 46.
Ra7 Kg6 47. a6 1/2-1/2

[Event "4MCR_4D_1L_2S"]
[Site "CR"]
[Date "2000.??.??"]
[Round "?"]
[White "Bazant, Petr"]
[Black "Rybak, Radek"]
[Result "1/2-1/2"]
[WhiteElo "2385"]
[BlackElo "2200"]
[PlyCount "49"]
[EventDate "2000.??.??"]
[EventType "tourn (corr)"]

1. d4 Nf6 2. c4 e6 3. Nc3 d5 4. Bg5 Be7 5. e3 O-O 6. Nf3 h6 7. Bh4 b6 8. Be2
Bb7 9. Bxf6 Bxf6 10. cxd5 exd5 11. O-O c6 12. b4 a5 13. b5 c5 14. Rc1 Nd7 15.
dxc5 Nxc5 16. Nd4 Bxd4 17. Qxd4 Ne6 18. Qe5 Re8 19. Bf3 Ng5 20. Qf5 Nxf3+ 21.
Qxf3 Qd7 22. Qf4 Rac8 23. Rfd1 Rc5 24. a4 Qc8 25. Ne2 1/2-1/2

[Event "4MCR_4D_1L_2S"]
[Site "CR"]
[Date "2000.??.??"]
[Round "?"]
[White "Bazant, Petr"]
[Black "Svihel, Karel"]
[Result "1/2-1/2"]
[WhiteElo "2385"]
[BlackElo "2295"]
[PlyCount "39"]
[EventDate "2000.??.??"]
[EventType "tourn (corr)"]

1. d4 d5 2. c4 dxc4 3. Nf3 Nf6 4. Nc3 a6 5. e4 b5 6. e5 Nd5 7. a4 e6 8. axb5
Bb4 9. Qc2 Nb6 10. Qe4 Qd5 11. Qg4 axb5 12. Rxa8 Qxa8 13. Be2 Rg8 14. O-O Bxc3
15. bxc3 Nc6 16. Bd1 Ne7 17. Bc2 Bb7 18. Bxh7 Bxf3 19. gxf3 Rf8 20. Qxg7
1/2-1/2

[Event "4MCR_4D_1L_2S"]
[Site "CR"]
[Date "2000.??.??"]
[Round "?"]
[White "Bazant, Petr"]
[Black "Sykora, Josef"]
[Result "1/2-1/2"]
[WhiteElo "2385"]
[BlackElo "2310"]
[PlyCount "78"]
[EventDate "2000.??.??"]
[EventType "tourn (corr)"]

1. d4 d5 2. c4 dxc4 3. Nf3 Nf6 4. Nc3 e6 5. e4 Bb4 6. Bg5 c5 7. Bxc4 cxd4 8.
Nxd4 Bxc3+ 9. bxc3 Qa5 10. Bb5+ Nbd7 11. Bxf6 Qxc3+ 12. Kf1 gxf6 13. h4 Ke7 14.
Rh3 Qa5 15. Rb1 Rd8 16. Qc1 Qb6 17. Nf5+ exf5 18. Bxd7 Qd6 19. Bxf5 b6 20. Kg1
Be6 21. Bxe6 Qxe6 22. Qa3+ Qd6 23. Rb5 Kf8 24. Rh5 Qxa3 25. Rxa3 Kg7 26. Rg3+
Kh8 27. Rf5 Rd1+ 28. Kh2 Re8 29. Rd5 Rd8 30. Rxd8+ Rxd8 31. Ra3 a5 32. Kg3 Rd2
33. h5 Kg7 34. Kf3 Rb2 35. g4 Rb4 36. Ke3 Rb2 37. f3 Kf8 38. Kf4 Ke7 39. h6 Ke6
1/2-1/2

[Event "4MCR_4D_1L_2S"]
[Site "CR"]
[Date "2000.??.??"]
[Round "?"]
[White "Blatsky, Libor"]
[Black "Bazant, Petr"]
[Result "1/2-1/2"]
[WhiteElo "2285"]
[BlackElo "2385"]
[PlyCount "46"]
[EventDate "2000.??.??"]
[EventType "tourn (corr)"]

1. e4 c5 2. Nf3 Nf6 3. e5 Nd5 4. Nc3 e6 5. Nxd5 exd5 6. d4 Nc6 7. dxc5 Bxc5 8.
Qxd5 d6 9. exd6 Qb6 10. Qe4+ Be6 11. Bc4 Bxf2+ 12. Ke2 O-O 13. Bxe6 Rae8 14.
Ng5 Rxe6 15. Nxe6 Re8 16. Rf1 Rxe6 17. Qxe6 fxe6 18. Rxf2 Qb5+ 19. Ke1 Qe5+ 20.
Kf1 Qxh2 21. d7 Qh1+ 22. Ke2 Qh5+ 23. Ke1 Qh1+ 1/2-1/2

[Event "4MCR_4D_1L_2S"]
[Site "CR"]
[Date "2000.??.??"]
[Round "?"]
[White "Blatsky, Libor"]
[Black "Hala, Martin"]
[Result "1/2-1/2"]
[WhiteElo "2285"]
[BlackElo "2420"]
[PlyCount "61"]
[EventDate "2000.??.??"]
[EventType "tourn (corr)"]

1. e4 e5 2. Nf3 Nc6 3. Bb5 a6 4. Ba4 Nf6 5. O-O Nxe4 6. d4 b5 7. Bb3 d5 8. dxe5
Be6 9. Nbd2 Nc5 10. c3 d4 11. Bxe6 Nxe6 12. cxd4 Ncxd4 13. a4 Be7 14. Nxd4 Nxd4
15. Ne4 O-O 16. axb5 Nxb5 17. Be3 Qc8 18. Qc2 Qe6 19. f4 Rfe8 20. Ra4 f6 21.
Qc4 Qxc4 22. Rxc4 fxe5 23. fxe5 Rad8 24. Ra1 Rd5 25. Bf4 Rd4 26. Rac1 Red8 27.
Kf2 Rd3 28. Nc3 c5 29. Ke2 Kf7 30. Rf1 Ke6 31. Ra1 1/2-1/2

[Event "4MCR_4D_1L_2S"]
[Site "CR"]
[Date "2000.??.??"]
[Round "?"]
[White "Blatsky, Libor"]
[Black "Hlavac, Frantisek"]
[Result "1-0"]
[WhiteElo "2285"]
[BlackElo "2405"]
[PlyCount "85"]
[EventDate "2000.??.??"]
[EventType "tourn (corr)"]

1. e4 c5 2. Nf3 Nc6 3. d4 cxd4 4. Nxd4 e6 5. Nc3 Nf6 6. Nxc6 bxc6 7. e5 Nd5 8.
Ne4 Qa5+ 9. c3 Qc7 10. f4 Qb6 11. c4 Ne3 12. Qd3 Bb4+ 13. Bd2 Ba6 14. b3 O-O
15. Bxb4 Qxb4+ 16. Kf2 Nd5 17. g3 f6 18. Qd2 fxe5 19. cxd5 Qxe4 20. Bxa6 exf4
21. Rhf1 Rf5 22. Rae1 Rxd5 23. Rxe4 Rxd2+ 24. Re2 Rd4 25. Ke1 g5 26. gxf4 gxf4
27. Rg2+ Kh8 28. Rff2 Rg8 29. Rd2 Rxg2 30. Rxg2 e5 31. Bc8 h6 32. Rd2 Rxd2 33.
Kxd2 d6 34. Bb7 c5 35. Kd3 Kg7 36. Bf3 Kf6 37. Ke4 Ke6 38. Bg4+ Kf7 39. Kd5 Kf6
40. Kxd6 e4 41. Kd5 Kg5 42. Bd1 Kf5 43. Bc2 1-0